00415nam a2200145Ia 4500003000900000008004100009040003300050041000800083080001000091100001800101245005100119260004000170300002300210500003600233LK-CoDNM010623t1898 xxu||||| |||| 00| 1 eng d aLK-CoDNMdLK-CoDNMeLK-CoDNM aeng a9 O 7 aMuller,F.Max. aBiographies of Words and the home of the Aryas bLongmans,Green and coaLondonc1898 bxxvii,278p., 19 cm aCollected Works of F.Max Muller